MARC details
| 000 -CABECERA |
| campo de control de longitud fija |
01142nam a2200277 a 4500 |
| 001 - NÚMERO DE CONTROL |
| campo de control |
000038232 |
| 003 - IDENTIFICADOR DEL NÚMERO DE CONTROL |
| campo de control |
DO-SdBNP |
| 005 - FECHA Y HORA DE LA ÚLTIMA TRANSACCIÓN |
| campo de control |
20220324103007.0 |
| 007 - CAMPO FIJO DE DESCRIPCIÓN FÍSICA--INFORMACIÓN GENERAL |
| campo de control de longitud fija |
ta |
| 008 - DATOS DE LONGITUD FIJA--INFORMACIÓN GENERAL |
| campo de control de longitud fija |
130404s2004 dr acd 000 0 spa d |
| 040 ## - FUENTE DE LA CATALOGACIÓN |
| Centro catalogador/agencia de origen |
DO-SdBNP |
| Lengua de catalogación |
spa |
| Centro/agencia transcriptor |
BNPHU |
| 082 #4 - NÚMERO DE LA CLASIFICACIÓN DECIMAL DEWEY |
| Número de clasificación |
354.49 |
| Número de documento/Ítem |
C822m |
| Número de edición |
22 |
| 110 2# - ENTRADA PRINCIPAL--NOMBRE DE ENTIDAD CORPORATIVA |
| Nombre de entidad corporativa o nombre de jurisdicción como elemento de entrada |
Corporación Dominicana de Empresas Eléctricas Estatales |
| 9 (RLIN) |
10188 |
| 245 10 - MENCIÓN DE TÍTULO |
| Título |
Memorias 2000-2004 : |
| Resto del título |
Edenorte / |
| Mención de responsabilidad, etc. |
introducción César Sánchez Torres. |
| 260 ## - PUBLICACIÓN, DISTRIBUCIÓN, ETC. |
| Lugar de publicación, distribución, etc. |
Santo Domingo : |
| Nombre del editor, distribuidor, etc. |
Edenorte Dominicana, |
| Fecha de publicación, distribución, etc. |
2004. |
| 300 ## - DESCRIPCIÓN FÍSICA |
| Extensión |
284 p. : |
| Otras características físicas |
il., gráfs., retrs. ; |
| Dimensiones |
30 cm. |
| 590 ## - NOTA LOCAL (RLIN) |
| Nota local |
Inventariado, 2018/ YL |
| 650 #4 - PUNTO DE ACCESO ADICIONAL DE MATERIA--TÉRMINO DE MATERIA |
| Término de materia o nombre geográfico como elemento de entrada |
Gestión pública |
| Subdivisión geográfica |
República Dominicana |
| 9 (RLIN) |
57150 |
| 650 #4 - PUNTO DE ACCESO ADICIONAL DE MATERIA--TÉRMINO DE MATERIA |
| Término de materia o nombre geográfico como elemento de entrada |
Empresas eléctricas |
| Subdivisión geográfica |
República Dominicana |
| Subdivisión de forma |
Memorias e informes |
| 9 (RLIN) |
64606 |
| 650 #4 - PUNTO DE ACCESO ADICIONAL DE MATERIA--TÉRMINO DE MATERIA |
| Término de materia o nombre geográfico como elemento de entrada |
Distribución de energía eléctrica |
| Subdivisión geográfica |
República Dominicana |
| Subdivisión de forma |
Memorias e informes |
| 9 (RLIN) |
64607 |
| 650 #4 - PUNTO DE ACCESO ADICIONAL DE MATERIA--TÉRMINO DE MATERIA |
| Término de materia o nombre geográfico como elemento de entrada |
Instituciones públicas |
| Subdivisión geográfica |
República Dominicana |
| 9 (RLIN) |
17927 |
| 651 #4 - PUNTO DE ACCESO ADICIONAL DE MATERIA--NOMBRE GEOGRÁFICO |
| Nombre geográfico |
República Dominicana |
| Subdivisión general |
Administración pública |
| -- |
Memorias e informes |
| 9 (RLIN) |
1286 |
| 700 1# - PUNTO DE ACCESO ADICIONAL--NOMBRE DE PERSONA |
| Nombre de persona |
Sánchez Torres, César, |
| Término indicativo de función/relación |
introd. |
| 9 (RLIN) |
10187 |
| 910 ## - DATOS DE OPCIÓN DEL USUARIO (OCLC) |
| Datos de opción del usuario |
Validado. Control de calidad EMS. |
| 942 ## - ELEMENTOS DE PUNTO DE ACCESO ADICIONAL (KOHA) |
| Fuente del sistema de clasificación o colocación |
Dewey Decimal Classification |
| Tipo de ítem Koha |
Libro |